Queen of the track (Record no. 1665)

MARC details
000 -LEADER
fixed length control field 01105cam a2200277 a 4500
005 - DATE AND TIME OF LATEST TRANSACTION
control field 20231123101341.0
020 ## - INTERNATIONAL STANDARD BOOK NUMBER
International Standard Book Number 9780545591911
040 ## - CATALOGING SOURCE
Original cataloging agency DLC
Transcribing agency DLC
Modifying agency DLC
Language of cataloging eng
050 00 - LIBRARY OF CONGRESS CALL NUMBER
Classification number GV1073.15.C63
Item number L36 2012
082 00 - DEWEY DECIMAL CLASSIFICATION NUMBER
Classification number 796.43
-- B
Edition number 23
100 1# - MAIN ENTRY--PERSONAL NAME
Personal name Lang, Heather
Dates associated with a name 1966-
245 10 - TITLE STATEMENT
Title Queen of the track
Remainder of title Alice Coachman, Olympic high-jump champion /
Statement of responsibility, etc. Heather Lang ; illustrated by Floyd Cooper
260 ## - PUBLICATION, DISTRIBUTION, ETC.
Name of publisher, distributor, etc. Scholastic,
Date of publication, distribution, etc. 2012
Place of publication, distribution, etc. New York :
300 ## - PHYSICAL DESCRIPTION
Extent 35 pages :
Other physical details color illustrations ;
Dimensions 29 cm
505 ## - FORMATTED CONTENTS NOTE
Formatted contents note S <br/>
520 ## - SUMMARY, ETC.
Summary, etc. Tells the story of Alice Coachman, an athlete from rural Georgia who made history as the first African-American woman to win an Olympic gold medal in 1948.
521 1# - TARGET AUDIENCE NOTE
Target audience note 790 <br/>
Source Lexile <br/>
521 1# - TARGET AUDIENCE NOTE
Target audience note S <br/>
Source Raz-Plus <br/>
650 #0 - SUBJECT ADDED ENTRY--TOPICAL TERM
Topical term or geographic name entry element African American women track and field athletes
Form subdivision Juvenile literature.
650 #0 - SUBJECT ADDED ENTRY--TOPICAL TERM
Topical term or geographic name entry element African American women athletes
Form subdivision Juvenile literature.
650 #0 - SUBJECT ADDED ENTRY--TOPICAL TERM
Topical term or geographic name entry element Jumping
Geographic subdivision United States
Form subdivision Juvenile literature.
700 1# - ADDED ENTRY--PERSONAL NAME
Personal name Cooper, Floyd
Relator term illustrator
906 ## - LOCAL DATA ELEMENT F, LDF (RLIN)
a 7
b cbc
c orignew
d 2
e epcn
f 20
g y-gencatlg
942 ## - ADDED ENTRY ELEMENTS (KOHA)
Source of classification or shelving scheme Dewey Decimal Classification
Koha item type Books
Suppress in OPAC No
999 ## -
-- 1665
-- 1665
Holdings
Withdrawn status Lost status Source of classification or shelving scheme Damaged status Not for loan Collection Home library Current library Shelving location Date acquired Total Checkouts Full call number Barcode Date last seen Copy number Price effective from Koha item type
    Dewey Decimal Classification     Juvenile Fiction Footprints International School Library Network Toul Kork Campus Footprints International School Library Network Toul Kork Campus TTP Secondary Fiction Bookshelves 09/13/2023   LAN 796.43 GV1073.C63 FISBK057053 09/13/2023 1 09/13/2023 Books
    Dewey Decimal Classification     Juvenile Fiction Footprints International School Library Network Toul Kork Campus Footprints International School Library Network Toul Kork Campus TTP Secondary Fiction Bookshelves 09/13/2023   LAN 796.43 GV1073.C63 FISBK057036 09/13/2023 2 09/13/2023 Books
    Dewey Decimal Classification     Fiction Footprints International School Library Network Toul Kork Campus Footprints International School Library Network Toul Kork Campus A TK Campus, 4th Floor, Room B401, Fiction Bookcases (1-6) 12/13/2023   LAN 796.43 GV1073.C63 FIS02302 09/14/2023 3 12/13/2023 Books
    Dewey Decimal Classification     Fiction Footprints International School Library Network Toul Kork Campus Footprints International School Library Network Toul Kork Campus TTP Secondary Fiction Bookshelves 12/13/2023   LAN 796.43 GV1073.C63 FISTK02337 01/11/2024 4 12/13/2023 Books